[Event "15th Delhi Open 2017"]
[Site "New Delhi IND"]
[Date "2017.01.12"]
[Round "6.15"]
[White "Sidhant, Mohapatra"]
[Black "Malakhatko, Vadim"]
[Result "1-0"]
[BlackTitle "GM"]
[WhiteElo "2267"]
[BlackElo "2514"]
[WhiteFideId "5028698"]
[BlackFideId "14104202"]
[EventDate "2017.01.09"]

1. e4 c5 2. Nf3 e6 3. d4 cxd4 4. Nxd4 Nc6 5. Nc3 Qc7 6. Be3 a6 7. Be2 Nf6 8. O-O
Bb4 9. Nxc6 bxc6 10. f4 d5 11. e5 Nd7 12. Na4 O-O 13. c4 f6 14. cxd5 cxd5 15.
Rc1 Qb7 16. Bd4 fxe5 17. fxe5 Rb8 18. Qc2 Be7 19. Bd3 h6 20. Rxf8+ Nxf8 21. Nb6
Bd7 22. Nxd7 Qxd7 23. Bxa6 Rb4 24. Bf2 Bg5 25. Rf1 Qa4 26. Qc8 Be7 27. b3 Qxa2
28. Bc5 Bxc5+ 29. Qxc5 Rb8 30. Bc8 Ng6 31. Bxe6+ Kh8 32. Bxd5 Qe2 33. Qd6 Qe3+
34. Kh1 Qxe5 35. Qxe5 Nxe5 36. Re1 Nd3 37. Re3 Nf4 38. Bf7 Rb7 39. Bc4 Rd7 40.
Rf3 g5 41. g3 Ng6 42. Rd3 Re7 43. Rd6 Re1+ 44. Kg2 Kg7 45. Rd7+ Kh8 46. Rd2 Rc1
47. Re2 Kg7 48. Kf3 h5 49. Ke4 Ne7 50. Ke5 Rc3 51. Kd4 1-0

[Event "15th Delhi Open 2017"]
[Site "New Delhi IND"]
[Date "2017.01.12"]
[Round "6.16"]
[White "Arjun, Kalyan"]
[Black "Stopa, Jacek"]
[Result "1/2-1/2"]
[BlackTitle "GM"]
[WhiteElo "2269"]
[BlackElo "2479"]
[WhiteFideId "35018701"]
[BlackFideId "1119591"]
[EventDate "2017.01.09"]

1. e4 d6 2. d4 Nf6 3. Nc3 c6 4. Nf3 Bg4 5. a4 e6 6. Be2 Be7 7. O-O O-O 8. h3 Bh5
9. Be3 d5 10. e5 Nfd7 11. Nd2 Bxe2 12. Nxe2 c5 13. f4 cxd4 14. Nxd4 Nc6 15. c3
Nxd4 16. Bxd4 Bc5 17. Nf3 Qb6 18. a5 Bxd4+ 19. cxd4 Qb5 20. Qa4 Qxa4 21. Rxa4
Rfc8 22. Rb4 Rc7 23. g4 h6 24. f5 b6 25. Ra1 1/2-1/2

[Event "15th Delhi Open 2017"]
[Site "New Delhi IND"]
[Date "2017.01.12"]
[Round "6.17"]
[White "Shyaamnikhil, P"]
[Black "Kurbonboeva, Sarvinoz"]
[Result "1/2-1/2"]
[WhiteTitle "IM"]
[BlackTitle "WIM"]
[WhiteElo "2446"]
[BlackElo "2274"]
[WhiteFideId "5024218"]
[BlackFideId "14201780"]
[EventDate "2017.01.09"]

1. d4 d5 2. Nf3 c5 3. e3 Nf6 4. c4 cxd4 5. exd4 Nc6 6. Nc3 Bg4 7. cxd5 Nxd5 8.
Qb3 Nb6 9. d5 Bxf3 10. gxf3 Nd4 11. Qd1 e5 12. dxe6 fxe6 13. Be3 Nf5 14. Qb3 Kf7
15. Bh3 g6 16. Rd1 Qc7 17. Nb5 Qe5 18. Bxf5 gxf5 19. Kf1 Rg8 20. Nxa7 Rxa7 21.
Bxb6 Rxa2 22. Bd4 Qd5 23. Qxd5 exd5 24. Ke2 Bg7 25. Bxg7 Rxg7 26. Rxd5 Rxb2+ 27.
Ke3 Ke6 28. Rhd1 Rb3+ 29. Ke2 Re7 30. f4 Kf6+ 31. Kf1 Rb4 32. Rd6+ Kg7 33. Rd7
Kf7 34. R1d5 Rxd7 35. Rxd7+ Kg6 36. Kg2 Rxf4 1/2-1/2

[Event "15th Delhi Open 2017"]
[Site "New Delhi IND"]
[Date "2017.01.12"]
[Round "6.18"]
[White "Harikrishnan, A. Ra"]
[Black "Murshed, Niaz"]
[Result "0-1"]
[BlackTitle "GM"]
[WhiteElo "2259"]
[BlackElo "2444"]
[WhiteFideId "5081483"]
[BlackFideId "10200010"]
[EventDate "2017.01.09"]

1. e4 g6 2. d4 Bg7 3. Nc3 d6 4. Nf3 Nf6 5. Be2 O-O 6. O-O c6 7. Re1 Nbd7 8. Bf4
Qb6 9. a3 Re8 10. Qd2 e5 11. dxe5 Ng4 12. Rf1 dxe5 13. Bg5 h6 14. Bh4 Ngf6 15.
Bc4 Qc7 16. a4 Bf8 17. Rad1 Kg7 18. Rfe1 a6 19. Ra1 Bb4 20. Bb3 a5 21. Bc4 Nb6
22. Bb3 Nh5 23. Rad1 Bg4 24. Qe3 f6 25. Rd2 Rad8 26. Red1 Rxd2 27. Rxd2 Be6 28.
Bxe6 Rxe6 29. b3 Nd7 30. Bg3 Rd6 31. Kf1 Nc5 32. Ke2 Nf4+ 33. Kf1 Bxc3 34. Rxd6
Qxd6 35. Qxc3 Qd1+ 36. Qe1 Qxc2 37. Bxf4 exf4 38. e5 Nd3 39. exf6+ Kxf6 40. Qa1+
Kf7 41. Kg1 Qxf2+ 42. Kh1 Qb2 43. Qxb2 Nxb2 44. Ne5+ Kf6 45. Nd7+ Kf5 46. Nc5 b6
47. Nd7 b5 48. Nc5 bxa4 49. bxa4 Ke5 50. Kg1 Kd5 51. Nb3 Nxa4 52. Nxa5 c5 53.
Kf2 Ke4 54. Ke2 Nc3+ 55. Kd2 Nd5 56. Ke2 g5 57. Nb7 Nc3+ 58. Kd2 Kd4 59. Na5
Ne4+ 60. Ke2 Kd5 61. Kd3 Nd6 62. Ke2 c4 63. Kf3 Nf5 64. Kg4 Ne3+ 65. Kf3 c3 66.
Nb3 Kc4 67. Nc1 c2 68. g3 fxg3 69. hxg3 Nf5 70. g4 Nd4+ 71. Ke4 Nb3 72. Ne2 c1=Q
73. Nxc1 Nxc1 74. Kf5 Ne2 75. Kg6 Ng1 76. Kxh6 Nf3 0-1

[Event "15th Delhi Open 2017"]
[Site "New Delhi IND"]
[Date "2017.01.12"]
[Round "6.20"]
[White "Vignesh, N R"]
[Black "Shashikant, Kutwal"]
[Result "1/2-1/2"]
[WhiteTitle "IM"]
[WhiteElo "2414"]
[BlackElo "2257"]
[WhiteFideId "25012215"]
[BlackFideId "5006520"]
[EventDate "2017.01.09"]

1. e4 c5 2. Nf3 d6 3. d4 cxd4 4. Nxd4 Nf6 5. Nc3 Nc6 6. Bc4 Qb6 7. Nb3 e6 8. O-O
a6 9. a4 Qc7 10. Bd3 b6 11. f4 Be7 12. Kh1 Bb7 13. Qf3 O-O 14. Qh3 Nb4 15. Be3
e5 16. fxe5 dxe5 17. Bg5 Ne8 18. Be3 Bc8 19. Qf3 Be6 20. Nc1 Bc5 21. Bd2 Nd6 22.
Nd5 Bxd5 23. Bxb4 Bb7 24. Bc3 Qe7 25. Qe2 a5 26. Nb3 Kh8 27. Qe1 Rac8 28. Nxc5
Rxc5 29. b4 axb4 30. Bxb4 Rcc8 31. Qe3 Qc7 32. Bxd6 Qxd6 33. Rfb1 Rc5 34. Rb4
Ba8 35. Rab1 Rb8 36. h3 g6 37. R1b3 Kg7 38. Qe1 Qc7 39. Kg1 Bc6 1/2-1/2

[Event "15th Delhi Open 2017"]
[Site "New Delhi IND"]
[Date "2017.01.12"]
[Round "6.21"]
[White "Roy, Prantik"]
[Black "Deshmukh, Anup"]
[Result "0-1"]
[WhiteTitle "IM"]
[BlackTitle "IM"]
[WhiteElo "2405"]
[BlackElo "2244"]
[WhiteFideId "5035120"]
[BlackFideId "5000564"]
[EventDate "2017.01.09"]

1. Nf3 c5 2. c4 Nc6 3. g3 e5 4. Nc3 f5 5. d3 Nf6 6. Bg2 d6 7. O-O Be7 8. Nd5
Nxd5 9. cxd5 Nb8 10. Ne1 O-O 11. f4 Nd7 12. Nf3 Bf6 13. e4 g6 14. exf5 gxf5 15.
Ng5 Bxg5 16. fxg5 Qe7 17. a4 b6 18. Bh3 Nb8 19. a5 Na6 20. axb6 axb6 21. Ra4 Nc7
22. Rh4 Nb5 23. Rh6 Qe8 24. g4 f4 25. Bg2 Ra7 26. h4 Rg7 27. Be4 Qd7 28. Bf5
Rxf5 29. gxf5 Qxf5 30. Qh5 Bd7 31. Qf3 Nd4 32. Qe4 Qh3 33. Qg2 Qxd3 34. Rxd6 Bh3 0-1

[Event "15th Delhi Open 2017"]
[Site "New Delhi IND"]
[Date "2017.01.12"]
[Round "6.22"]
[White "Mahalakshmi, M"]
[Black "Das, Sayantan"]
[Result "0-1"]
[WhiteTitle "WIM"]
[BlackTitle "IM"]
[WhiteElo "2225"]
[BlackElo "2371"]
[WhiteFideId "5001080"]
[BlackFideId "5034426"]
[EventDate "2017.01.09"]

1. d4 e6 2. c4 b6 3. Nc3 Bb7 4. e4 Bb4 5. Qc2 Qh4 6. d5 Bxc3+ 7. bxc3 Qe7 8. Be2
f5 9. exf5 exd5 10. Nf3 dxc4 11. O-O Nf6 12. Bxc4 Bxf3 13. gxf3 Nc6 14. a4 Qc5
15. Re1+ Kd8 16. Bf1 Nd4 17. Qd3 Nxf5 18. Bh3 Nd6 19. Bf4 Qd5 20. Qxd5 Nxd5 21.
Bxd6 cxd6 22. Rad1 Nf4 23. Bf1 d5 24. c4 Rc8 25. cxd5 Rf8 26. d6 Rf6 27. Re4 Ne6
28. Bb5 Rc3 29. Be2 Rc5 30. h4 Rc6 31. Bc4 Nc5 32. Red4 Nxa4 33. Bb5 Nc3 34.
Bxc6 Ne2+ 35. Kg2 Nxd4 36. Be4 Nf5 37. Rd5 Nxh4+ 38. Kg3 Ng6 39. Rd2 h6 40. Bb7
Ne5 41. Re2 Nf7 0-1

[Event "15th Delhi Open 2017"]
[Site "New Delhi IND"]
[Date "2017.01.12"]
[Round "6.23"]
[White "Thakur, Akash"]
[Black "Aradhya, Garg"]
[Result "1/2-1/2"]
[WhiteTitle "FM"]
[WhiteElo "2369"]
[BlackElo "2230"]
[WhiteFideId "5008514"]
[BlackFideId "25006746"]
[EventDate "2017.01.09"]

1. e4 e5 2. Nf3 Nc6 3. d4 exd4 4. Nxd4 Nf6 5. Nxc6 bxc6 6. Qe2 a5 7. Nc3 Ba6 8.
Qf3 Bxf1 9. Kxf1 Bb4 10. Bg5 h6 11. Bxf6 Qxf6 12. Qxf6 gxf6 13. Na4 O-O-O 14. c3
Bd6 15. Ke2 Rde8 16. Kd3 f5 17. exf5 Re5 18. Rae1 Rxf5 19. Re2 h5 20. g3 h4 21.
Rhe1 Kb7 22. f4 hxg3 23. hxg3 Rh3 24. Re3 Rf6 25. Rf1 Rg6 26. Rff3 Rh2 27. Re2
Rh3 28. Rg2 Re6 29. c4 Re1 30. Nc3 Rhh1 31. g4 Ref1 32. Rgf2 Rxf2 33. Rxf2 Rh4
34. Ke4 Rxg4 35. Kf5 Rh4 36. Ne4 Be7 37. Ng5 Rh6 38. Re2 Rf6+ 39. Kg4 Bc5 40. f5
d5 41. b3 Bb4 42. Rh2 Ka6 43. Rh7 dxc4 44. Ne4 c3 45. Rh2 c2 46. Rxc2 Rh6 47.
Ng5 Rf6 48. Rh2 c5 49. Rc2 a4 50. Kf4 axb3 51. axb3 Kb5 52. Ke5 Rd6 53. Nxf7 1/2-1/2

[Event "15th Delhi Open 2017"]
[Site "New Delhi IND"]
[Date "2017.01.12"]
[Round "6.24"]
[White "Masango, Spencer"]
[Black "Iniyan, P"]
[Result "1-0"]
[WhiteElo "2198"]
[BlackElo "2363"]
[WhiteFideId "14300753"]
[BlackFideId "25002767"]
[EventDate "2017.01.09"]

1. Nf3 Nf6 2. c4 g6 3. Nc3 Bg7 4. e4 d6 5. d4 O-O 6. Be2 Nbd7 7. O-O e5 8. dxe5
dxe5 9. Be3 c6 10. b4 Ng4 11. Bg5 f6 12. Bd2 f5 13. Bg5 Qe8 14. c5 h6 15. h3
Ngf6 16. Bxf6 Nxf6 17. Nd2 g5 18. Nc4 fxe4 19. Nd6 Qg6 20. Ncxe4 Nxe4 21. Bd3
Rf4 22. Qc2 Bf5 23. Nxf5 Qxf5 24. f3 g4 25. Bxe4 Qg5 26. hxg4 h5 27. Qb3+ Kh8
28. gxh5 Rh4 29. Qf7 Rxh5 30. Rae1 Rf8 31. Qg6 Qh4 32. Qg4 Qh2+ 33. Kf2 Rg8 34.
Qxh5+ Qxh5 35. Rh1 Qh6 36. Rd1 Rb8 37. g4 Qxh1 38. Rxh1+ Kg8 39. Rd1 a5 40. a3
axb4 41. axb4 Ra8 42. Rd7 Ra2+ 43. Kf1 Ra7 44. Ke2 Bh6 45. Kd3 Ra3+ 46. Kc2 Be3
47. Rxb7 Bd4 48. Bxc6 Kf8 49. Be4 Rc3+ 50. Kd1 1-0

[Event "15th Delhi Open 2017"]
[Site "New Delhi IND"]
[Date "2017.01.12"]
[Round "6.25"]
[White "Dodeja, Pawan"]
[Black "Nouri, Hamed"]
[Result "1/2-1/2"]
[WhiteElo "2189"]
[BlackElo "2363"]
[WhiteFideId "5012686"]
[BlackFideId "5201454"]
[EventDate "2017.01.09"]

1. e4 d5 2. exd5 Qxd5 3. Nc3 Qd6 4. d4 Nf6 5. Nf3 c6 6. g3 Bg4 7. Bg2 Nbd7 8.
O-O e6 9. a3 Qc7 10. Re1 Be7 11. h3 Bxf3 12. Qxf3 O-O 13. Ne4 Qb6 14. c3 Nxe4
15. Qxe4 a5 16. a4 Rfd8 17. h4 Nf6 18. Qe2 Nd5 19. Rd1 Rd7 20. Be4 Rad8 21. Bc2
c5 22. Qb5 Qa7 23. Qd3 g6 24. Qf3 h5 25. Bd3 Nc7 26. Be3 Nd5 27. Bc1 Nc7 28. Be3
Nd5 29. Bc1 Nc7 1/2-1/2

[Event "15th Delhi Open 2017"]
[Site "New Delhi IND"]
[Date "2017.01.12"]
[Round "6.26"]
[White "Ajay Krishna, S"]
[Black "Roy Chowdhury, Saptarshi"]
[Result "0-1"]
[BlackTitle "GM"]
[WhiteElo "2167"]
[BlackElo "2351"]
[WhiteFideId "5096430"]
[BlackFideId "5002974"]
[EventDate "2017.01.09"]

1. d4 e6 2. g3 Nf6 3. Bg2 d5 4. c4 Bb4+ 5. Bd2 Be7 6. Nf3 c6 7. Qc2 O-O 8. O-O
b6 9. b3 Nbd7 10. Rd1 Bb7 11. Nc3 Rc8 12. e4 h6 13. Bf4 Bb4 14. Nd2 Qe7 15. a3
Bxc3 16. Qxc3 Rfd8 17. b4 Nh5 18. Be3 Nhf6 19. Bf4 Nh5 20. Be3 Nhf6 21. e5 Nh7
22. c5 Ba6 23. a4 Ndf8 24. Rdb1 Qd7 25. cxb6 axb6 26. a5 bxa5 27. Rxa5 Bb5 28.
Rba1 Qe8 29. Nb3 Nd7 30. Bf1 Nb6 31. Nc5 Rb8 32. Ra7 Bxf1 33. Kxf1 Nc4 34. Nb7
Rd7 35. Nd6 Nxd6 36. exd6 Rc8 37. Qc5 Nf6 38. Rxd7 Qxd7 39. Ra7 Qd8 40. f3 Ra8
41. Rc7 Ra1+ 42. Kg2 Ra2+ 43. Bf2 Ne4 44. Qxc6 Rxf2+ 45. Kg1 Qg5 46. Qe8+ Kh7
47. Qxf7 Rg2+ 48. Kf1 Rg1+ 49. Kxg1 Qe3+ 50. Kh1 Qe1+ 51. Kg2 Qf2+ 52. Kh3 Ng5+
53. Kg4 Nxf7 54. Rxf7 Qxd4+ 0-1

[Event "15th Delhi Open 2017"]
[Site "New Delhi IND"]
[Date "2017.01.12"]
[Round "6.27"]
[White "Srijit, Paul"]
[Black "Pranav, Shetty"]
[Result "1-0"]
[WhiteElo "2347"]
[BlackElo "2199"]
[WhiteFideId "5094798"]
[BlackFideId "5035058"]
[EventDate "2017.01.09"]

1. e4 c5 2. Nf3 d6 3. d4 cxd4 4. Nxd4 Nf6 5. Nc3 a6 6. Be3 e5 7. Nb3 Be6 8. Qd2
Nbd7 9. f3 h5 10. O-O-O b5 11. h3 Qc7 12. Kb1 Be7 13. f4 Nb6 14. Bd3 b4 15. Qf2
Rb8 16. Ne2 Nc4 17. f5 Bc8 18. Nd2 Nxe3 19. Qxe3 d5 20. exd5 Nxd5 21. Qg3 h4 22.
Qg4 Kf8 23. Qc4 Qxc4 24. Nxc4 f6 25. Be4 Nb6 26. Nxb6 Rxb6 27. Ng1 Rh5 28. Nf3
Bxf5 29. Bxf5 Rxf5 30. Nxh4 Rf2 31. g4 Kf7 32. Rd7 Rd6 33. Rc7 g6 34. Nxg6 Kxg6
35. Rxe7 Rh2 36. Rg1 Rxh3 37. b3 1-0

[Event "15th Delhi Open 2017"]
[Site "New Delhi IND"]
[Date "2017.01.12"]
[Round "6.28"]
[White "Rakesh, Kumar Jena"]
[Black "Singh, S. Vikramjit"]
[Result "1-0"]
[WhiteTitle "FM"]
[WhiteElo "2335"]
[BlackElo "2145"]
[WhiteFideId "5084822"]
[BlackFideId "5006090"]
[EventDate "2017.01.09"]

1. e4 c5 2. Nf3 d6 3. c3 Nf6 4. Be2 g6 5. O-O Bg7 6. Re1 O-O 7. Bf1 Nc6 8. h3 e5
9. d3 d5 10. exd5 Nxd5 11. Na3 Re8 12. Nc4 b5 13. Ne3 Be6 14. Nxd5 Bxd5 15. Be3
Qe7 16. Nd2 f5 17. Nb3 Qf7 18. Nxc5 Bf8 19. f3 a5 20. a4 b4 21. c4 Be6 22. Nxe6
Rxe6 23. Bf2 Rd8 24. Rc1 Bh6 25. Be3 Bxe3+ 26. Rxe3 f4 27. Re4 Red6 28. c5 Rd4
29. Qe1 Qf6 30. Rc4 Kg7 31. Rcxd4 Rxd4 32. Qc1 Qf7 33. Rxd4 Nxd4 34. c6 Qc7 35.
Qc5 Kf6 36. h4 Qxc6 37. Qf8+ Ke6 38. Qg8+ Kf6 39. Qh8+ Ke6 40. Qxh7 Kd5 41. Qf7+
Qe6 42. Qc7 Qa6 43. Qc4+ Qxc4 44. dxc4+ Ke6 45. Bd3 Nb3 46. Bxg6 Nc5 47. Bc2 b3
48. Bd1 Kf6 49. g4 fxg3 50. Kg2 Nxa4 51. Bxb3 Nxb2 52. c5 a4 53. Ba2 Nd3 54. c6
Ke7 55. Kxg3 Nb4 56. c7 Kd7 57. h5 1-0

[Event "15th Delhi Open 2017"]
[Site "New Delhi IND"]
[Date "2017.01.12"]
[Round "6.29"]
[White "Sangma, Rahul"]
[Black "Raahul, V S"]
[Result "1-0"]
[WhiteTitle "IM"]
[WhiteElo "2314"]
[BlackElo "2089"]
[WhiteFideId "5013615"]
[BlackFideId "25035525"]
[EventDate "2017.01.09"]

1. e4 e6 2. d4 d5 3. Nd2 Be7 4. Bd3 c5 5. dxc5 Nf6 6. exd5 Qxd5 7. Ngf3 Bxc5 8.
Qe2 O-O 9. O-O Nc6 10. c3 e5 11. Ne4 Be7 12. Nfg5 g6 13. Bc4 Qa5 14. Nxf7 Rxf7
15. Ng5 Nd8 16. Rd1 Bd7 17. Bf4 Ne6 18. Nxf7 Nxf4 19. Nxe5+ N6d5 20. Qe4 Be6 21.
Nd3 Rf8 22. Nxf4 1-0

[Event "15th Delhi Open 2017"]
[Site "New Delhi IND"]
[Date "2017.01.12"]
[Round "6.30"]
[White "Bernadskiy, Vitaliy"]
[Black "Panesar, Vedant"]
[Result "1-0"]
[WhiteTitle "GM"]
[WhiteElo "2540"]
[BlackElo "1966"]
[WhiteFideId "14100371"]
[BlackFideId "35033018"]
[EventDate "2017.01.09"]

1. e4 c5 2. Nf3 d6 3. d4 cxd4 4. Nxd4 Nf6 5. Nc3 g6 6. Be3 Bg7 7. f3 O-O 8. Qd2
Nc6 9. Bc4 Bd7 10. Bb3 Ne5 11. O-O Rc8 12. Nde2 a5 13. a4 Nc4 14. Bxc4 Rxc4 15.
Rfd1 Qb8 16. b3 Rcc8 17. Rac1 b5 18. axb5 Bxb5 19. Nxb5 Qxb5 20. Ra1 Nxe4 21.
fxe4 Bxa1 22. Rxa1 Qc6 23. c4 Qxe4 24. Nc3 Qb7 25. Nd5 Rfe8 26. Bd4 a4 27. Rf1
axb3 28. Qh6 f6 29. Qe3 f5 30. Qe6+ Kf8 31. Ne3 Red8 32. Nxf5 gxf5 33. Rxf5+ Ke8
34. Rg5 1-0

[Event "15th Delhi Open 2017"]
[Site "New Delhi IND"]
[Date "2017.01.12"]
[Round "6.31"]
[White "Movsziszian, Karen"]
[Black "Jaiswal, Puneet"]
[Result "1-0"]
[WhiteTitle "GM"]
[WhiteElo "2507"]
[BlackElo "2183"]
[WhiteFideId "13301152"]
[BlackFideId "5006830"]
[EventDate "2017.01.09"]

1. g3 e5 2. Bg2 f5 3. d3 Nf6 4. Nf3 Nc6 5. O-O Be7 6. c4 O-O 7. Nc3 d6 8. Rb1
Qe8 9. b4 Bd8 10. e3 Qh5 11. c5 e4 12. Nd4 Qxd1 13. Rxd1 Nxb4 14. dxe4 dxc5 15.
Nxf5 Nxe4 16. Bxe4 Bxf5 17. Bxf5 Rxf5 18. a3 Nc6 19. Rxb7 Na5 20. Rb1 Nc4 21.
Kg2 c6 22. e4 Rf7 23. Na4 Bf6 24. Nxc5 Be7 25. Na6 Nxa3 26. Rb3 Nb5 27. Be3 Bd8
28. Nb4 Rc7 29. Rc1 Rac8 30. Bf4 Nd4 31. Rd3 Rd7 32. Nxc6 Bb6 33. Ne7+ Rxe7 34.
Rxc8+ Kf7 35. f3 Ne6 36. Be3 Bxe3 37. Rxe3 Rb7 38. h4 h6 39. f4 g6 40. Rd3 a5
41. f5 gxf5 42. exf5 Ng7 43. Rc5 a4 44. g4 Ne8 45. g5 1-0

[Event "15th Delhi Open 2017"]
[Site "New Delhi IND"]
[Date "2017.01.13"]
[Round "7.1"]
[White "Amonatov, Farrukh"]
[Black "Karthikeyan, Murali"]
[Result "1-0"]
[WhiteTitle "GM"]
[BlackTitle "GM"]
[WhiteElo "2619"]
[BlackElo "2564"]
[WhiteFideId "14700077"]
[BlackFideId "5074452"]
[EventDate "2017.01.09"]

1. e4 c5 2. Nf3 e6 3. b3 a6 4. Bb2 Nc6 5. g3 d6 6. d4 Nf6 7. Nbd2 d5 8. e5 Ne4
9. dxc5 Qa5 10. Bd3 Nc3 11. Qc1 Nxa2 12. Qb1 Nc3 13. Rxa5 Nxb1 14. Bb5 Nxd2 15.
Bxc6+ bxc6 16. Kxd2 Be7 17. Rha1 Kd7 18. Ne1 Rb8 19. Nd3 Rb5 20. R5a4 f5 21. Bd4
g5 22. Nb4 a5 23. Nd3 h5 24. Rxa5 Rxa5 25. Rxa5 Bb7 26. Be3 h4 27. Ne1 hxg3 28.
hxg3 Ra8 29. Rxa8 Bxa8 30. f3 Bb7 31. Nd3 Ba6 32. Nf2 Bd8 33. Nh3 Ba5+ 34. c3
Bc7 35. Nxg5 Bxe5 36. f4 Bf6 37. Nf3 Bb5 38. Bd4 Bd8 39. Ne5+ Ke8 40. c4 dxc4
41. b4 Bc7 42. Nf3 Bd8 43. Kc3 Kd7 44. Bg7 Bc7 45. Bf6 Ba6 46. Nd2 Kc8 47. Nxc4
Bxc4 48. Kxc4 Kb7 49. Be7 Kc8 50. b5 cxb5+ 51. Kxb5 e5 52. fxe5 Bxe5 53. Bd6 Bd4
54. c6 Bf2 55. Kc4 1-0

[Event "15th Delhi Open 2017"]
[Site "New Delhi IND"]
[Date "2017.01.13"]
[Round "7.2"]
[White "Ghosh, Diptayan"]
[Black "Visakh, N R"]
[Result "1-0"]
[WhiteTitle "GM"]
[BlackTitle "IM"]
[WhiteElo "2570"]
[BlackElo "2453"]
[WhiteFideId "5045207"]
[BlackFideId "25012223"]
[EventDate "2017.01.09"]

1. d4 Nf6 2. c4 e6 3. Nf3 Bb4+ 4. Bd2 c5 5. Bxb4 cxb4 6. g3 O-O 7. Bg2 d6 8. O-O
a5 9. Qd3 Qc7 10. a3 Na6 11. Nbd2 h6 12. Ne1 a4 13. axb4 Nxb4 14. Qc3 Qb6 15. b3
a3 16. Nd3 Nxd3 17. exd3 Bd7 18. Ra2 Ra6 19. Rfa1 Rfa8 20. Nb1 Bc6 21. Rxa3 Bxg2
22. Rxa6 Rxa6 23. Rxa6 Qxa6 24. Kxg2 Qc6+ 25. f3 Qa6 26. Qb2 Qa5 27. Nc3 Ne8 28.
d5 Nc7 29. dxe6 Nxe6 30. b4 Qf5 31. Qe2 Qg5 32. Nd5 Qc1 33. f4 g6 34. f5 gxf5
35. Ne7+ Kf8 36. Nxf5 Qg5 37. Qf2 Qg6 38. Nxd6 Ng5 39. Nf5 Qc6+ 40. Kf1 b6 41.
h4 Qh1+ 42. Ke2 Nh3 43. Qf1 Qh2+ 44. Ke3 h5 45. Qf3 Kg8 46. Nd6 f6 47. Qd5+ Kg7
48. Qf7+ Kh8 49. Qxh5+ Kg7 50. Nf5+ Kf8 51. Qh8+ Kf7 52. Qg7+ Ke6 53. Qe7+ 1-0

[Event "15th Delhi Open 2017"]
[Site "New Delhi IND"]
[Date "2017.01.13"]
[Round "7.3"]
[White "Sivuk, Vitaly"]
[Black "Neverov, Valeriy"]
[Result "1-0"]
[WhiteTitle "GM"]
[BlackTitle "GM"]
[WhiteElo "2540"]
[BlackElo "2478"]
[WhiteFideId "14116502"]
[BlackFideId "14100150"]
[EventDate "2017.01.09"]

1. Nf3 Nf6 2. c4 e6 3. d4 d5 4. Nc3 Be7 5. Bf4 O-O 6. Qc2 Na6 7. a3 c5 8. e3
cxd4 9. Nxd4 dxc4 10. Bxc4 Bd7 11. O-O Rc8 12. Qe2 Nc5 13. Ndb5 a6 14. Nd6 Rc6
15. Rfd1 Qb6 16. Nde4 Ncxe4 17. Nxe4 Nxe4 18. Rxd7 Bf6 19. f3 Qxb2 20. Qxb2 Bxb2
21. Rb1 Rxc4 22. fxe4 Bxa3 23. Rbxb7 Rxe4 24. Kf2 h6 25. Kf3 Ra4 26. g4 a5 27.
Ra7 Bc5 28. Rac7 Bb4 29. Be5 Ra2 30. h4 Be1 31. Bd6 Ra8 32. g5 hxg5 33. hxg5
Rf2+ 34. Ke4 Kh7 35. Bg3 Rf1 36. Rc1 Bxg3 37. Rxf1 Kg6 38. Rfxf7 Rg8 39. Rfe7
Bh4 40. Rxe6+ Kxg5 41. Rd5+ Kg4 42. Rg6+ Kh3 43. Rxa5 Bg3 44. Rh5+ Bh4 45. Rf5 1-0

[Event "15th Delhi Open 2017"]
[Site "New Delhi IND"]
[Date "2017.01.13"]
[Round "7.4"]
[White "Nguyen, Huynh Minh Huy"]
[Black "Horvath, Adam1"]
[Result "1/2-1/2"]
[WhiteTitle "GM"]
[BlackTitle "GM"]
[WhiteElo "2448"]
[BlackElo "2499"]
[WhiteFideId "12401269"]
[BlackFideId "708003"]
[EventDate "2017.01.09"]

1. d4 Nf6 2. Nf3 e6 3. Bf4 b6 4. e3 c5 5. Nbd2 Be7 6. h3 O-O 7. Bd3 cxd4 8. exd4
Ba6 9. Bxa6 Nxa6 10. O-O Qc8 11. c3 Nb8 12. a4 Nc6 13. Bg5 Nd5 14. Nc4 h6 15.
Bxe7 Ncxe7 16. Nce5 d6 17. Nd3 Qa6 18. Qe2 Rac8 19. Nd2 Nf5 20. Rfe1 Rfd8 21.
Ne4 Qc4 22. Nd2 Qa6 23. Ne4 Qc4 24. Nd2 Qa6 25. Ne4 1/2-1/2

[Event "15th Delhi Open 2017"]
[Site "New Delhi IND"]
[Date "2017.01.13"]
[Round "7.5"]
[White "Navalgund, Niranjan"]
[Black "Swayams, Mishra"]
[Result "1/2-1/2"]
[BlackTitle "IM"]
[WhiteElo "2207"]
[BlackElo "2491"]
[WhiteFideId "5030854"]
[BlackFideId "5028183"]
[EventDate "2017.01.09"]

1. d4 Nf6 2. c4 e6 3. g3 d5 4. Nf3 Bb4+ 5. Bd2 Bd6 6. Nc3 O-O 7. Qc2 Nc6 8. Bg2
dxc4 9. O-O Nb4 10. Qc1 Nbd5 11. Nb5 Nb6 12. Bg5 Bd7 13. Na3 Bxa3 14. bxa3 Bc6
15. Rd1 h6 16. Bd2 a5 17. Rb1 Re8 18. e3 Qd6 19. Bc3 Na4 20. Ne5 Bxg2 21. Kxg2
Nd7 22. Nxd7 Qxd7 23. e4 b5 24. d5 Nc5 25. Qb2 Nxe4 26. Bxg7 exd5 27. Bxh6 c3
28. Qc1 Qf5 29. Qc2 c6 30. Rd3 Nxf2 31. Rxc3 Qh3+ 32. Kg1 Qxh6 33. Qxf2 Re7 34.
Rbc1 Rc8 35. Qf5 Rce8 36. Rf1 d4 37. Qg4+ Qg7 38. Qxg7+ Kxg7 39. Rxc6 Rd7 40.
Rc2 Re3 41. Rf5 Rxa3 42. Rxb5 d3 43. Rd2 Rc7 44. Rd5 Rc2 45. R5xd3 Rcxa2 46.
Rxa3 Rxa3 47. Kg2 a4 48. h4 Rb3 49. Rd5 a3 50. Ra5 Rb2+ 51. Kf3 a2 52. Ra6 Kf8
53. Ra7 Ke8 54. h5 Kf8 55. g4 Kg7 56. Ra6 f6 57. Kf4 Kh7 58. Ra7+ Kh6 59. Ra6
Kg7 60. Ra7+ Kh6 61. Ra6 Kh7 62. Ra7+ Kh6 63. Ke4 1/2-1/2

[Event "15th Delhi Open 2017"]
[Site "New Delhi IND"]
[Date "2017.01.13"]
[Round "7.6"]
[White "David, Alberto"]
[Black "Nitin, S."]
[Result "1-0"]
[WhiteTitle "GM"]
[BlackTitle "IM"]
[WhiteElo "2569"]
[BlackElo "2427"]
[WhiteFideId "4000013"]
[BlackFideId "5018277"]
[EventDate "2017.01.09"]

1. d4 Nf6 2. c4 g6 3. Nc3 Bg7 4. e4 d6 5. Be2 O-O 6. Be3 e5 7. d5 Na6 8. g4 Nc5
9. f3 h5 10. g5 Nh7 11. h4 f6 12. gxf6 Bxf6 13. Bf2 Be7 14. Kd2 Rf4 15. Qe1 Bd7
16. b3 a5 17. Bf1 c6 18. Rb1 Rb8 19. Kc2 Rc8 20. Bh3 Nf6 21. Bxc5 dxc5 22. Qg3
Ng4 23. fxg4 Bxh4 24. Qd3 hxg4 25. dxc6 Bxc6 26. Qxd8+ Rxd8 27. Nge2 Bxe4+ 28.
Nxe4 Rxe4 29. Bf1 g3 30. Rg1 Rf8 31. Kd3 Rg4 32. Bg2 Rf2 33. Bd5+ Kg7 34. Rg2 b5
35. cxb5 Rf6 36. Rd1 a4 37. Kc2 a3 38. Bc6 c4 39. bxc4 Rxc4+ 40. Kb3 Rg4 41. Nc3
Rf2 42. b6 Be7 43. Rd7 Rb4+ 44. Kxa3 Rxb6+ 45. Rxe7+ Kf8 46. Rxe5 Rxc6 47. Rxg3
Rc2 48. Kb3 1-0